000 00438ntaaa2200181 4500
003 01
005 20251027202138.0
008 0714s1973 ag 01
040 _aAR-BaBN
_bspa
_cAR-BaBN
_eaacr
_dRIC
082 _a262.1300 J35
100 _aJanus
_919924
245 _aLe pape et le concile
250 _a1 ed.
260 _aParis :
_bLibrairie Internationale,
_c1869
300 _a457 p
650 _aiglesia catolica
_9476
942 _cBK
999 _c16368
_d16368